Environment and greener living (Record no. 120554)

MARC details
000 -LEADER
fixed length control field 00833cam a2200169 4500
001 - CONTROL NUMBER
control field L136150
008 - FIXED-LENGTH DATA ELEMENTS--GENERAL INFORMATION
fixed length control field 070115n 000 0 eng u
035 ## - SYSTEM CONTROL NUMBER
System control number (Sirsi) u136150
041 0# - LANGUAGE CODE
Language code of text/sound track or separate title eng
110 1# - MAIN ENTRY--CORPORATE NAME
Corporate name or jurisdiction name as entry element United Kingdom
Subordinate unit Central Office of Information
9 (RLIN) 1074
245 00 - TITLE STATEMENT
Title Environment and greener living
520 ## - SUMMARY, ETC.
Summary, etc. The Directgov website's guide to greener living, waste and recycling, energy and water saving, greener homes, greener gardens, greener shopping, greener food and drink, greener travel, greener life events and greener work, school and community.
651 #4 - SUBJECT ADDED ENTRY--GEOGRAPHIC NAME
Geographic name England and Wales
Chronological subdivision 1543-
690 ## - LOCAL SUBJECT ADDED ENTRY--TOPICAL TERM (OCLC, RLIN)
Topical term or geographic name as entry element ENVIRONMENTAL AND LAND CONSULTANCY-ENERGY-ENERGY USE-ENERGY EFFICIENCY
856 40 - ELECTRONIC LOCATION AND ACCESS
Uniform Resource Identifier <a href="https://www.direct.gov.uk/EnvironmentAndGreenerLiving/fs/en">https://www.direct.gov.uk/EnvironmentAndGreenerLiving/fs/en</a>
Public note View the website free of charge at www.direct.gov.uk...
942 ## - ADDED ENTRY ELEMENTS (KOHA)
Suppress in OPAC 0
Holdings
Withdrawn status Lost status Source of classification or shelving scheme Damaged status Not for loan Home library Current library Shelving location Date acquired Total Checkouts Full call number Barcode Date last seen Copy number Price effective from Koha item type
    Dewey Decimal Classification     Virtual Virtual Online 15/01/2007   WEB SITE 136150-1001 06/08/2019 1 06/08/2019 Online material